Discursos pronunciados en el solemne acto de la inauguración que tuvo lugar el dia 1º de enero de 1880 / Escuela de Artes y Oficios de San Sebastián
Descripción Física:
26 p. ; 20'5 cm
MARC
| LEADER | 00000nam a2200000Ia 4500 | ||
|---|---|---|---|
| 001 | 11642 | ||
| 003 | BGR | ||
| 005 | 20260410113646.0 | ||
| 008 | 160829s1880 xx 000 0 cat d | ||
| 080 | |a RF-8-6 | ||
| 110 | 1 | |a Escuela de Artes y Oficios (San Sebastián) |9 70820 | |
| 245 | |a Discursos pronunciados en el solemne acto de la inauguración que tuvo lugar el dia 1º de enero de 1880 / Escuela de Artes y Oficios de San Sebastián | ||
| 260 | |a San Sebastian : |b (Imp. de A. Baroja), |c 1880 | ||
| 300 | |a 26 p. ; |c 20'5 cm | ||
| 590 | |a Prové de 1380, exp. 35 | ||
| 610 | 1 | 0 | |a Escuela de Artes y Oficios (San Sebastián) |9 70820 |
| 856 | 4 | |u https://media.diba.cat/diba/fitxers/arxiu/fulletons/bib_11642_1880_baixa.pdf |y Accés lliure | |
| 856 | 4 | |u https://media.diba.cat/diba/fitxers/arxiu/fulletons/bib_11642_1880_baixa.pdf |y Accés lliure | |
| 900 | |a bib_11642_1880_baixa.pdf | ||
| 901 | |a Arxiu | ||
| 942 | |n 1 |2 udc |c MON | ||
| 952 | |0 0 |1 0 |4 0 |6 RF86 |7 1 |9 51332 |a Arxiu |b Arxiu |d 2016-12-01 |l 0 |o RF-8-6 |p 11642 |r 2016-12-01 00:00:00 |w 2016-12-01 |y ARXIU | ||
| 999 | |c 55176 |d 55176 | ||